Rome - Statistiques

Statistiques générales
  • Ce quiz a été pris 3 fois
  • Le résultat moyen est 10 sur 28
Statistiques - réponses
Évènement Date % Correct
Édit Caracalla 212
100%
Actium -31
100%
Édit de Milan 313
100%
Annexion Arabie 106
50%
Destruction Carthage et Corinthe -146
50%
Assassinat César 15 mars -44
50%
Crise religieuse Bacchanales -186
50%
Création flotte romaine -260
50%
1ère guerre punique -264/-241
50%
Naissance Principat -27
50%
Persécution tétrarchiques 303/304
50%
Foedus 382
50%
Sac de Rome 410
50%
République -509/-27
50%
Conquête des Gaules (César) -58/-50
50%
Révolte pannonienne et dalmate 6/9
50%
3ème guerre punique -149/-146
0%
Bataille de Cannes -216
0%
Loi Claudia -218
0%
2ème guerre punique -218/-201
0%
Crise du IIIè siècle 235/284
0%
Haut-Empire -27/235
0%
Bas-Empire 284/476
0%
Guerres samnites -329/-290
0%
Conquête de l'Italie -329/-290
0%
Soumission des Latins -338
0%
Loi accordant citoyenneté italiens -90/-89
0%
Rome royale VIII/VI av J.C
0%
Aucun quiz correspondant
Distribution des résultats
% des personnes avec chaque résultat
Percentile par nombre de réponses
Votre historique - résultats
Vous n’avez pas pris ce quiz